Geoinformační systémy do průmyslových budov

Geoinformačné systémy - digitálne mapy doplnené o množstvo ďalších dát a funkcií. Geosense - spoločnosť v Českej republike, ktorá poskytuje tieto systémy. Možnosti systému. Využívanie geoinformačného systému obcami ako aj firmami. Využitie geoinformačnej aplikácie v logistike. Geosense v Amerike.

Guardado en:
Detalles Bibliográficos
Autor principal: Novotný, Radek
Formato: Capítulo de libro
Lenguaje:checo
Materias:
Etiquetas: Agregar Etiqueta
Sin Etiquetas, Sea el primero en etiquetar este registro!

MARC

LEADER 00000naa a2200000 4500
001 0185521
005 20231211080344.2
041 0 |a cze 
044 |a CZ 
245 1 0 |a Geoinformační systémy do průmyslových budov  |c Radek Novotný 
520 |a Geoinformačné systémy - digitálne mapy doplnené o množstvo ďalších dát a funkcií. Geosense - spoločnosť v Českej republike, ktorá poskytuje tieto systémy. Možnosti systému. Využívanie geoinformačného systému obcami ako aj firmami. Využitie geoinformačnej aplikácie v logistike. Geosense v Amerike. 
610 2 0 |a systémy informačné geografické 
610 2 0 |a mapy 
610 2 0 |a obce 
610 2 0 |a firmy 
610 2 0 |a logistika 
610 2 0 |a Česko 
100 1 |a Novotný, Radek